00000000cam 2200000zi 4500
0019.919243
003CaOODSP
00520260514081035
006m     o  d f      
007cr mn|||||||||
008230118e202301  onca    obu  f000 0 eng d
040 |aCaOODSP|beng|erda|cCaOODSP
043 |an-cn---
0861 |aP29-4-2-27-5-2023E-PDF
24500|aTextile test methods : |bflame resistance - 45° angle test - one-second flame impingement.
264 1|aOttawa, Ontario : |bCanadian General Standards Board = Office des normes générales du Canada, |cJanuary 2023.
264 4|c©2023
300 |a1 online resource (i, 13 pages) : |billustrations (some colour).
336 |atext|btxt|2rdacontent
337 |acomputer|bc|2rdamedia
338 |aonline resource|bcr|2rdacarrier
4901 |aNational standard of Canada ; |vCAN/CGSB-4.2 No. 27.5-2023
500 |aIssued also in French under title: Méthodes pour épreuves textiles : essai de résistance à l'inflammation sous un angle de 45° - application de la flamme pendant une seconde.
500 |a"Supersedes CAN/CGSB-4.2 No. 27.5-2008 and CAN/CGSB-4.2 No. 30.3-1994."
500 |a"The Standards Council of Canada has granted a 2-year extension on the maintenance deadline of this standard, from January 12, 2028 to January 12, 2030" -- Statement supplied by the Canadian General Standards Board (2026-05-13).
500 |a"ICS 59.080.30."
504 |aIncludes bibliographical references.
520 |a"Canada has a regulatory framework in place to protect Canadians from product-related hazards and to promote the safe use of products. Flammability requirements for textile products intended for consumer use are set out in various regulations under the Canada Consumer Product Safety Act. Several regulations incorporate the Canadian General Standards Board standard CAN/CGSB-4.2 No. 27.5, entitled Textile test methods – Flame resistance – 45° angle test – One-second flame impingement, as the national test method for determining the flame spread properties of a textile product. This new edition of CAN/CGSB-4.2 No. 27.5 specifies the laundering and dry cleaning procedures for removal of non-permanent flame-retardant treatments applied to textile products and no longer refers to CAN/CGSB-4.2 No. 30.3-1994"--Introduction, page i.
650 0|aTextile fabrics|xFire testing|xStandards|zCanada.
7102 |aCanadian General Standards Board, |eissuing body.
7102 |aStandards Council of Canada, |eissuing body.
77508|tMéthodes pour épreuves textiles : |w(CaOODSP)9.919244
830#0|aNational standard of Canada ;|vCAN/CGSB-4.2 No. 27.5-2023.|w(CaOODSP)9.507848
85640|qPDF|s1.25 MB|uhttps://publications.gc.ca/collections/collection_2023/ongc-cgsb/P29-4-2-27-5-2023-eng.pdf